|
|
|
|
| LEADER |
00000nab a2200000 a 4500 |
| 001 |
vtls000874970 |
| 003 |
SK-MaSNL |
| 005 |
20260303185056.0 |
| 008 |
140422c2004 xo 0 slo |
| 015 |
|
|
|a SNBRB2004/06-17146
|
| 035 |
|
|
|a CLN000226522
|
| 040 |
|
|
|a SNKBUCL
|b slo
|c SNKBUCL
|e AACR2
|
| 041 |
0 |
|
|a slo
|
| 044 |
|
|
|a xo
|c SK
|
| 080 |
|
|
|a 82:929:821.162.4(048)
|2 1997
|
| 080 |
|
|
|a 821.162.4:929(048)
|2 1997
|
| 080 |
|
|
|a 070-051(048)
|2 1997
|
| 100 |
1 |
|
|a Červeňák, Andrej,
|d 1932-2012
|4 aut
|9 153402
|
| 245 |
1 |
0 |
|a Vysoká latka vedy
|c Andrej Červeňák
|
| 300 |
|
|
|b Fotogr.
|
| 600 |
1 |
7 |
|a Janík, Pavol,
|d 1956-
|2 snkbucl
|9 221069
|
| 650 |
0 |
7 |
|a publicistika
|2 snkbucl
|9 19168
|
| 650 |
0 |
7 |
|a výbery
|2 snkbucl
|9 292318
|
| 655 |
|
7 |
|a recenzie
|2 snkbucl
|9 21907
|
| 655 |
|
7 |
|a články z novín a časopisov
|2 snkbucl
|9 267496
|
| 773 |
0 |
|
|t Literárny (dvoj)týždenník
|g Roč. XVII, č. 18-19 (2004), s. 12
|x 0862-5999
|
| 787 |
0 |
8 |
|i Rec.:
|a Janík, Pavol, 1956-
|t Nad vedou
|d Bratislava : CCW, 2003
|
| 850 |
|
|
|a Slovenská národná knižnica v Martine
|
| 852 |
|
|
|a SNK
|b KIS3GCP
|
| 958 |
|
|
|a LX
|
| 958 |
|
|
|a RC
|
| 992 |
|
|
|a RBX
|
| 999 |
|
|
|c 2129596
|d 2131526
|